00366pab a2200121 454500008004000000100001900040245009200059260000900151300001500160362001200175650001800187773003900205180718b2010 xxu||||| |||| 00| 0 eng d aRustagi, Preet aContinuing gender stereotypes or signs of change: Occupational pattern of women workers c2010 ap.481-500. aJul-Sep aWomen workers aIndian Journal of Labour Economics